000 00545 a2200193 4500
001 61581
005 20260407155906.0
008 260407a1955 arg spa d
003 AR-UNSa-BCEJYS
040 _aAR-UNSa-BCEJYS
_bspa
_cAR-UNSa-BCEJYS
080 _a347.7
_xDerecho Mercantil. Derecho Comercial
245 1 0 _aDerecho comercial
264 1 _aBuenos Aires :
_bRoque Depalma Editor
_c1955
300 _axxvii, 528 p.
_c23 cm.
041 _aspa
942 _cBK
590 _aniveau_biblio:m niveau_hierar:0
100 1 _aGaro, Francisco J.
999 _c7338
_d7338